000 00526nam a2200193Ia 4500
005 20250508160811.0
008 008 250505s9999 xx 000 0 eng d
037 _aTextual
040 _aFEDL
_beng
_cFEDL
041 _aeng
_2eng
084 _a370.1, SCH
_qFEDL
100 _aScheffler Israel
245 0 _aReason and teaching
260 _aLondon, UK
_bRoutledge and Kegan Paul
_c1973
300 _axi,203p.
650 _aEducation-Philosophy
942 _cTEXL
_h370.1, SCH
999 _c1366697
_d1366697